Pays d'origine des acteurs hollywoodiens - Statistiques

Statistiques générales
  • Ce quiz a été pris 44 fois
  • Le résultat moyen est 8 sur 16
Statistiques - réponses
Par images Hint Réponse % Correct
Simu Liu Chine
90%
Steven Yeun Corée du Sud
80%
Natalie Portman Israël
75%
Dev Patel Inde
73%
Tony Shalhoub Liban
63%
John Boyega Nigeria
55%
Rami Malek Égypte
53%
Ke Huy Quan Viêt Nam
53%
Pedro Pascal Chili
50%
Dwayne Johnson Samoa
40%
Mila Kunis Ukraine
38%
Lupita Nyong'o Kenya
33%
Riz Ahmed Pakistan
33%
Oscar Isaac Guatemala
28%
Dave Bautista Philippines
23%
Djimon Hounsou Bénin
18%
Aucun quiz correspondant
Distribution des résultats
% des personnes avec chaque résultat
Percentile par nombre de réponses
Votre historique - résultats
Vous n’avez pas pris ce quiz